Το τριφύλλι το πολύχρονο : (μηδική)
Αποθηκεύτηκε σε:
| Κύριος συγγραφέας: | |
|---|---|
| Μορφή: | Βιβλίο |
| Γλώσσα: | Greek |
| Δημοσίευση: |
Αθήναι :
Σπύρου,
[1958;]
|
| Σειρά: | Αγροτική βιβλιοθήκη
|
| Θέματα: | |
| Ετικέτες: |
Προσθήκη ετικέτας
Δεν υπάρχουν, Καταχωρήστε ετικέτα πρώτοι!
|
MARC
| LEADER | 00000cam a2200000 i 4500 | ||
|---|---|---|---|
| 001 | 1/98967 | ||
| 008 | 081208s19589999 gre d | ||
| 035 | |l 10102284 | ||
| 040 | |a GR-MY-UA |b gre |e aacr | ||
| 041 | 0 | |a gre | |
| 082 | 0 | |a 633.89 |2 (22) | |
| 100 | 1 | |a Ανάσης, Εμμανουήλ Σ. | |
| 245 | 1 | 3 | |a Το τριφύλλι το πολύχρονο : |b (μηδική) / |c Εμμαν. Σ. Ανάση |
| 260 | |a Αθήναι : |b Σπύρου, |c [1958;] | ||
| 300 | |a 64 σ.; |b εικ., σχέδια; |c 22 εκ. | ||
| 490 | 1 | |a Αγροτική βιβλιοθήκη | |
| 500 | |a Άνω του τίτλου: "Βιβλιοθήκη του γεωργού" | ||
| 500 | |a Υπό του τίτλου: "Καλλιέργεια, οικονομική σημασία, λίπανση, πότισμα, ποικιλίες, συγκομιδή, αρρώστειες, καταπολέμηση" | ||
| 650 | 0 | 0 | |a Cover crops. |
| 650 | 0 | 0 | |a Agriculture |z Greece. |
| 650 | 0 | 0 | |a Crops |x Growth. |
| 650 | 0 | 0 | |a Field crops. |
| 830 | 0 | |a Αγροτική βιβλιοθήκη | |
| 852 | |a INST |b RHODES |c AKA |e 20081208 |h 633.89 ΑΝΑ |p 005400028198 |q 005400028198 |t BK |y 0 | ||
| 901 | |a BIBL4-2008-3 | ||
| 909 | |a Ρ |b 156505 | ||
| 970 | |a ΧΑΡΙΟΠΟΛΙΤΟΥ |b ΚΩΝΣΤΑΝΤΙΝΑ |z 2008/12/08 | ||